000 00733nam a2200229 a 4500
005 20230607063604.0
008 160525s2012 mx r 000 0 spa d
020 _a9786074952117
035 _aUPN01000210640
049 _aCG
050 4 _aF1391 A2.3
_bL8.2
100 1 _aLugo Plata, Eliseo,
_d1955-
_940179
245 1 0 _aAcambay 100 años después, 1912-2012 /
_cEliseo Lugo Plata, Antonio Ruíz Pérez, Edgar Serrano Pérez.
260 _aMéxico :
_bFOEM,
_c2012.
300 _a116 p. :
_bil.
651 2 _aAcambay, Estado de México
_xHistoria
_9239
650 4 _aSISMOS -
_xHISTORIA
_918241
700 1 _aRuiz Pérez, Antonio,
_ecoaut.
700 1 _aSerrano Pérez, Edgar,
_ecoaut.
905 _aLibro
999 _c182741
_d182741